000 01005nam0a2200301 4500
001 RU\NLR\bibl\462690
005 20260406062221.0
010 _a5-462-00065-0
_925000
021 _aRU
_b2003-53994
_92620
035 _a(NLR Aleph) 000456111
090 _a904558
_c904558
100 _a20031120d2003 |||y0rusy50 ca
101 0 _arus
102 _aRU
105 _ay |||||||||
200 1 _aПалач для мафии
_iПоследний приговор
_fСергей Ветров
210 _aМ.
_cАСТ-пресс кн.
_d2003
215 _a409, [1] с.
_d21
225 1 _aСерия "Криминальный боевик"
320 _aНа 4-й с. обл. др. произведения авт.
686 _aШ6(2=Р)75-446
700 1 _4070
_8rus
_7ca
_aВетров
_bС.
_cписатель
_gСергей
_3RU\NLR\auth\7712432
_9122146
801 0 _aRU
_bNLR
_c20031120
_gPSBO
801 1 _aRU
_bNLR
_c20031120
942 _cBOOK
980 _aNB